000 00405nam a2200145Ia 4500
008 231129s2012||||xx |||||||||||||| ||spa||
020 _a958-9289-12-6
040 _bspa
082 _a467.09 S486n
100 _aSerna M. J. Alberto
245 0 _aNo diga... diga: no escriba... escriba diga... รณ... diga
260 _c2012
264 _aIdioma
942 _2ddc
_cBKS
999 _c21695
_d21695